Tri thức dân gian liên quan đến rừng của người Phù Lá ở Lào Cai văn hóa dân gian
সংরক্ষণ করুন:
| প্রধান লেখক: | |
|---|---|
| বিন্যাস: | গ্রন্থ |
| প্রকাশিত: |
Hà Nội
Hội Nhà Văn
2018
|
| বিষয়গুলি: | |
| ট্যাগগুলো: |
ট্যাগ যুক্ত করুন
কোনো ট্যাগ নেই, প্রথমজন হিসাবে ট্যাগ করুন!
|
| Thư viện lưu trữ: | Trung tâm Học liệu Lê Vũ Hùng, Trường Đại học Đồng Tháp |
|---|
| LEADER | 01014pam a22002538a 4500 | ||
|---|---|---|---|
| 001 | 00044691 | ||
| 008 | 110506s1983 ||||||Viesd | ||
| 005 | 20190926090952.0 | ||
| 020 | # | # | |c 0 |a 9786049726316 |
| 041 | 0 | # | |a Vie |
| 082 | 1 | 4 | |a 398.095 971 67 |b TR300TH |
| 100 | 1 | # | |a Bùi, Duy Chiến |
| 245 | 0 | 0 | |b văn hóa dân gian |a Tri thức dân gian liên quan đến rừng của người Phù Lá ở Lào Cai |c Bùi Duy Chiến |
| 260 | # | # | |a Hà Nội |b Hội Nhà Văn |c 2018 |
| 300 | # | # | |a 239 tr. |c 21 cm. |
| 500 | # | # | |a ĐTTS ghi : Liên hiệp các hội văn học nghệ thuật Việt Nam. Hội văn học nghệ thuật các dân tộc thiểu số Việt Nam |
| 653 | # | # | |a Lào Cai |
| 653 | # | # | |a Người Phù Lá |
| 653 | # | # | |a Rừng |
| 653 | # | # | |a Việt Nam |
| 653 | # | # | |a Văn hóa dân gian |
| 852 | # | # | |j KD.0025354 |
| 910 | # | # | |d 26/9/2019 |
| 980 | # | # | |a Trung tâm Học liệu Lê Vũ Hùng, Trường Đại học Đồng Tháp |


